00470nam a22001217a 4500020001600000082001200016100001900028245017700047260003600224300002800260650003800288700002200326 qHard Cover. a620.005 aAkram, Sehrish aA comparative analysis of organizational effectiveness via creativity and innovation in public and private sectors of technical organizations in Pakistan /cSehrish Akram. aIslamabad:bCEME - NUST,c2013. a166 p. :bill. ;c30cm. aEngineering Management MS-Thesis. aDr. Shoab A. Khan